000 00674nam a22002057a 4500
020 _a0070799261
082 _a620.1054
_bBEE
_cL-5, P-16
100 _aBeer, Ferinand P.
_940694
245 _aVector mechanics for engineers
_bdynamics
_cBeer, Ferinand P.
250 _a5th ed.
260 _aNew york, London
_bMcGraw-Hill Book Company
_c1988
300 _axxi, 1047 p.
_bill.
_c24 cm.
526 _a0
_b0
_c0
_d620_105300000000000_BEE
526 _a0
_b0
_c0
_d620_105300000000000_BEE
526 _a0
_b0
_c0
_d620_105300000000000_BEE
526 _a0
_b0
_c0
_d620_105400000000000_BEE
526 _a0
_b0
_c0
_d620_105400000000000_BEE
650 _adynamics
_97202
942 _2ddc
_cBK
999 _c544950
_d544950